| 000 | 00870nam a2200265 a 4500 | ||
|---|---|---|---|
| 999 |
_c7839 _d7839 |
||
| 001 | 7839 | ||
| 003 | BD - JhCC | ||
| 005 | 20180214134206.0 | ||
| 008 | 500101s1986 ii b 000 0 eng d | ||
| 020 |
_a8120201604 : _cRs150.00 |
||
| 035 | _a(BD - JhCC)7839 | ||
| 040 |
_aDLC _cDLC _dm/c _dBD - JhCC |
||
| 041 | _aeng | ||
| 050 | 0 |
_aDS480.82 _b.L34 1986 |
|
| 082 |
_a954.03/59 _219 _bLAL 1986 |
||
| 100 | 1 |
_aLal, Ramji, _d1947- |
|
| 245 | 1 | 0 |
_aINDIA : _bA reference Annual 1971 - 72 / _cRamji Lal |
| 260 |
_aDelhi : _bAjanta Publications (India) ; _aDelhi : _bDistributor, Ajanta Books International, _c1986 |
||
| 300 |
_axiv, 307 p. ; _c23 cm. |
||
| 500 | _aRevision of the author's thesis (Ph. D.--Kurukshetra University, 1979) | ||
| 504 | _aBibliography: p. [276]-307. | ||
| 651 | 0 |
_aIndia _xPolitics and government _y1919-1947 |
|
| 942 |
_2ddc _cBK |
||